| 000 | 00943nam a2200265 a 4500 | ||
|---|---|---|---|
| 008 | |||
| 090 |
_aN6450 _bPEV |
||
| 100 | 1 | _aPevsner, Nikolaus. | |
| 240 | 1 | 0 | _aPioneers of the modern movement. |
| 245 | 1 | 0 |
_aPioneers of modern design : _bfrom William Morris to Walter Gropius / _cNikolaus Pevsner. |
| 260 |
_aHarmondsworth, Middlesex : _bPenguin Books, _c1960. |
||
| 300 |
_a253 p. : _bill. ; _c20 cm. |
||
| 440 | _aPelican books. | ||
| 500 | _aFirst published in 1936 under title: Pioneers of the modern movement, from William Morris to Walter Gropius. | ||
| 504 | _aIncludes bibliographical references. | ||
| 500 | _aIncludes index. | ||
| 650 | 0 |
_aArt, Modern _y19th century _xHistory. |
|
| 650 | 0 |
_aArt, Modern _y20th century _xHistory. |
|
| 907 |
_a.b10188022 _b09-02-12 _c26-01-06 |
||
| 003 | |||
| 005 | 20230120131025.0 | ||
| 040 | _cNUST | ||
| 049 | _aMAIN | ||
| 942 |
_cBOOKS _kN6450 _mPEV |
||
| 999 |
_c95506 _d95506 |
||